El Movimiento Moderno en Barranquilla : (Record no. 11894)

MARC details
000 -LEADER
campo de control de longitud fija 00401nam a2200133Ia 4500
005 - FECHA Y HORA DE LA ÚLTIMA TRANSACCIÓN
campo de control 20260328104336.0
008 - DATOS DE LONGITUD FIJA--INFORMACIÓN GENERAL
campo de control de longitud fija 260328s9999||||xx |||||||||||||| ||und||
100 ## - ENTRADA PRINCIPAL--NOMBRE DE PERSONA
Nombre de persona Bell Lemus, Carlos
245 #0 - MENCIÓN DEL TÍTULO
Título El Movimiento Moderno en Barranquilla :
Resto del título Muestra de Arquitectura 1946-1964 /
Mención de responsabilidad, etc. Carlos Bell Lemus
260 ## - PUBLICACIÓN, DISTRIBUCIÓN, ETC.
Nombre del editor, distribuidor, etc. Universidad Nacional de Colombia
300 ## - DESCRIPCIÓN FÍSICA
Extensión 66 p.
650 ## - PUNTO DE ACCESO ADICIONAL DE MATERIA--TÉRMINO DE MATERIA
Término de materia o nombre geográfico como elemento de entrada COLOMBIA
942 ## - ELEMENTOS DE ENTRADA SECUNDARIOS (KOHA)
Tipo de ítem Koha Libros
Holdings
Estatus retirado Estado de pérdida Estado de daño No para préstamo Colección Biblioteca de origen Biblioteca actual Ubicación en estantería Fecha de adquisición Número de inventario Total de préstamos Signatura topográfica completa Código de barras Visto por última vez Copia número Precio de reemplazo Tipo de ítem Koha
        General Biblioteca Gonzalo Peláez Caldas Biblioteca Gonzalo Peláez Caldas Colección general 28/03/2026 6143   720.75 B 4131 6143 28/03/2026 1 28/03/2026 Libros